| 000 | 00439cam a2200157ua 4500 | ||
|---|---|---|---|
| 041 |
_aeng _h |
||
| 082 |
_a101 _bOKE/LI |
||
| 100 | _aOkey, Thomas . | ||
| 245 |
_aLittle flowers of st.francis ; the mirror of perfection, the life of st. francis / _cThomas Okey. _hTextual Documents |
||
| 250 |
_a1 / _b. |
||
| 260 |
_aLondon : _bJ M Dent and Sons Ltd , _c1950. |
||
| 300 | _a397 ; . | ||
| 504 | _a | ||
| 942 | _cBK | ||
| 999 |
_c2347 _d2347 |
||